000 01138nam a2200241 i 4500
001 151059
003 ES-MaACL
005 20230906203823.0
007 t|
008 071204m18881898fr ||||1| fre d
100 1 _aArnal, Louis-Marius.
_923031
245 1 0 _aTraité de mécanique
_b: statique, cinématique... /
_cpar L. Arnal [tomo IV: par L. Arnal et Gustave Gauthier].
260 _aParis :
_bH. Chairgrasse Fils,
_c[1888-1898] (
_eTours :
_fImp. Deslis Frères)
300 _a4 v. ;
_c27 cm.
490 1 _aEnciclopédie théorique et pratique des connaissances civiles et militaires
500 _aFecha tomada de la Biblioteca Nacional Francesa.
500 _aA partir del t. II., editado por Fanchon et Artur.
505 8 _aContiene: Vol. I. Statique et cinematique -- vol. II. Dynamique et hydraulique -- vol. III. Statique graphique et resistence des materiaux -- vol. IV. Chauliers a vapeur, moteurs a vapeur et gaz
700 1 _aGauthier, Gustave.
_956032
830 0 _aEnciclopédie théorique et pratique des connaissances civiles et militaires
_9221191
852 _aES-MaACL
_jG-7774-7
999 _c151059
_d151059